| 000 | 00516nam a2200193Ia 4500 | ||
|---|---|---|---|
| 003 | GCL | ||
| 008 | 140319s9999 xx 000 0 eng d | ||
| 040 |
_aGCL / _cGCL |
||
| 082 | 0 | 4 |
_a632 _bH P |
| 100 | 1 | _aHILL, D. S. | |
| 245 | 1 | 0 |
_aPESTS AND DISEASES OF TROPICAL: FIELD HANDBOOK / _cHILL, D. S. |
| 700 | 1 | _aWALLER, J. M. | |
| 260 |
_a[S.N] : _bEDUCATIONAL LOW-PRICED BOOKS SCHEME |
||
| 300 | _a432\P | ||
| 650 | 0 | 4 | _aTROPICAL CROPS |
| 650 | 0 | 4 | _aPLANT - DISEASES |
| 650 | 0 | 4 | _aPESTS CONTROL |
| 942 |
_2ddc _cBK |
||
| 999 |
_c20024 _d20024 |
||